000 01160nam a2200253Ia 4500
999 _c4904
_d4904
003 OSt
005 20200325162931.0
008 191128s2013 ck ad gr 001 0 spa d
020 _a9789588489339
040 _aCO-JMCR
_cCO-JMCR
082 0 4 _a005.3 /
_bR696m
100 1 _aRodríguez Tenjo, judith del Pilar,
_eautora
_91171
245 1 _aModelo de implementación del nivel 2 de CMMI en una organización de software pequeña caso :
_b"Colsistem" /
_cJudith del Pilar Rodríguez Tengo
250 _aPrimera edición
260 _aBogotá :
_bEcoe Editores,
_c2013
300 _axiii, 117 páginas :
_bilustraciones, gráficos en blanco y negro ;
_c21 cm.
500 _aIncluye biografía en solapa frontal.
504 _aBibliografía: páginas 115-117.
505 _aDiagnóstico de empresa colsistem -- El "nuevo modelo de negocio" -- Contexto de impantación del modelo propuesto -- Guía metodológica para la immplantación de un modelo de mejora de procesos en una organización pequeña de software
546 _aspa
650 2 4 _aLenguajes de aplicación
_xEmpresas
_91172
650 2 4 _aProgramación de computadores
_91173
942 _2ddc
_cBK